| 000 | 00816nam a2200241Ia 4500 | ||
|---|---|---|---|
| 003 | GCL | ||
| 008 | 140319s9999 xx 000 0 ara d | ||
| 040 |
_aGCL / _cGCL |
||
| 082 | 0 | 4 |
_a953.09 _bف ا |
| 100 | 1 | _aفاروق عثمان اباظه | |
| 245 | 1 | 0 |
_aاغاخان: ومهمته فى مصر فى بداية الحرب العالمية الاولى (دراسه وثائقية) / _cفاروق عثمان اباظه |
| 260 |
_a[S.N] : _bدار المعارف ، _c1981 |
||
| 300 | _a215 ص | ||
| 490 | _a | ||
| 650 | 0 | 4 | _aالعصر الحديث |
| 650 | 0 | 4 | _aمصر |
| 650 | 0 | 4 | _aتاريخ |
| 650 | 0 | 4 | _aالشيعة |
| 650 | 0 | 4 | _aالامبراطورية العثمانية |
| 650 | 0 | 4 | _aالاسماعيلية |
| 650 | 0 | 4 | _aالحرب العالمية الاولى 1914- 1918 |
| 942 |
_2ddc _cBK |
||
| 999 |
_c56204 _d56204 |
||